LEADER 01228nam a2200253 u 4500 001 000000012099 003 CaOOAMICUS 005 20070226105511.0 008 940516s1966 it u000 u ita u 035 $a10293251 040 $aPUL$bita 100 1 $aMeneghelli, Ruggero.$0(OLS)http://pul/name/11255 245 10$aCristianesimo e storia :$briflessioni sul pensiero di S. Paolo intorno ad alcuni fondamentali aspetti della vita sociale. 260 $aPadova :$bCEDAM,$c1966. 300 $a185 p 490 1 $aPubblicazioni della Facoltà di giurisprudenza dell'Università di Padova ;$v46 650 0$aChristianity and politics.$2//eng$0(OLS)http://pul/subject/9102 830 0$aPubblicazioni della Facoltà di giurisprudenza dell'Università di Padova ;$v46.$0(OLS)http://pul/title/14626 850 $aPUL 852 $aPUL$W1$xSL Religione 1$y3$m10 E 37$j17110$nBK-PRI$b $qStampati$B17110$CPULBib$Z2$F17110 $H $81 941 1 $a8 961 $aINV: 30242. 996 $6245$aCristianesimo e storia :$briflessioni sul pensiero di S. Paolo intorno ad alcuni fondamentali aspetti della vita sociale$9(OLS)http://pul/title/17526 996 $6260$aPadova :$bCEDAM$9(OLS)http://pul/publisher/48126 LEADER 01646nam a2200325 a 4500 001 000000143969 003 CaOOAMICUS 005 20150610130052.0 008 150610s1986 it u000 u ita r 020 $a8834337255 040 $aPUL$bita 110 2 $aUniversità Cattolica del Sacro Cuore.$bCorso di aggiornamento$n(56 :$d1986 :$cSorrento).$0(OLS)http://pul/name/92481 245 12$aL'esperienza religiosa oggi :$batti del 56. Corso di aggiornamento culturale dell'Università Cattolica: Sorrento, 21-26 settembre 1986 /$c[relazioni di] Adriano Bausola ... [et al.]. 260 $aMilano :$bVita e pensiero,$c1986. 300 $a281 p. ;$c22 cm 490 1 $aPubblicazioni dell'Università Cattolica del Sacro Cuore 490 1 $aLe Api 504 $aBibliografia in nota. 650 4$aReligiosità$zItalia$ySec. XIX-XX.$0(OLS)http://pul/subject/39523 700 1 $aBausola, Adriano,$d1930-2000.$0(OLS)http://pul/name/666 830 0$aPubblicazioni dell'Università Cattolica del Sacro Cuore.$0(OLS)http://pul/title/173257 830 3$aLe Api.$0(OLS)http://pul/title/7487 850 $aPUL 852 $aPUL$W1$xDP1 Fondo S. Lanza$y121$m3 B 30$j115092$qFondi$B166475$CPULBib$Z2$F166475 $HLan2115 $82 941 1 $a1 961 $aNota ms. di possesso: Sergio Lanza 996 $6020$a8834337255$9(OLS)http://pul/number/6691 996 $6245$aL'esperienza religiosa oggi :$batti del 56. Corso di aggiornamento culturale dell'Università Cattolica: Sorrento, 21-26 settembre 1986$9(OLS)http://pul/title/182142 996 $6260$aMilano :$bVita e pensiero$9(OLS)http://pul/publisher/48016